<?xml version="1.0" encoding="UTF-8"?>
<record
    xmlns:xsi="http://www.w3.org/2001/XMLSchema-instance"
    xsi:schemaLocation="http://www.loc.gov/MARC21/slim http://www.loc.gov/standards/marcxml/schema/MARC21slim.xsd"
    xmlns="http://www.loc.gov/MARC21/slim">

  <leader>00865nas a2200265 454500</leader>
  <controlfield tag="001">35687</controlfield>
  <controlfield tag="005">20260407193509.0</controlfield>
  <controlfield tag="008">260407s1981####ag###########|||spa#d</controlfield>
  <controlfield tag="003">AR-UNSa-BCEJYS</controlfield>
  <datafield tag="040" ind1=" " ind2=" ">
    <subfield code="a">AR-UNSa-BCEJYS</subfield>
    <subfield code="b">spa</subfield>
    <subfield code="c">AR-UNSa-BCEJYS</subfield>
  </datafield>
  <datafield tag="080" ind1=" " ind2=" ">
    <subfield code="a">339.5</subfield>
    <subfield code="x">Comercio exterior. Comercio Internacional</subfield>
  </datafield>
  <datafield tag="245" ind1="1" ind2="0">
    <subfield code="a">Occasional Paper</subfield>
  </datafield>
  <datafield tag="264" ind1=" " ind2="1">
    <subfield code="a">Washington :</subfield>
    <subfield code="b">Fondo Monetario Internacional</subfield>
    <subfield code="c">1981</subfield>
  </datafield>
  <datafield tag="310" ind1=" " ind2=" ">
    <subfield code="a">Frecuencia: Irregular</subfield>
  </datafield>
  <datafield tag="041" ind1=" " ind2=" ">
    <subfield code="a">spa</subfield>
  </datafield>
  <datafield tag="942" ind1=" " ind2=" ">
    <subfield code="c">SER</subfield>
  </datafield>
  <datafield tag="590" ind1=" " ind2=" ">
    <subfield code="a">niveau_biblio:s niveau_hierar:1</subfield>
  </datafield>
  <datafield tag="100" ind1="1" ind2=" ">
    <subfield code="a">Fondo Monetario Internacional</subfield>
  </datafield>
  <datafield tag="650" ind1=" " ind2=" ">
    <subfield code="a">Estudio de mercado</subfield>
  </datafield>
  <datafield tag="650" ind1=" " ind2=" ">
    <subfield code="a">Comercio internacional</subfield>
  </datafield>
  <datafield tag="650" ind1=" " ind2=" ">
    <subfield code="a">Pol&#xED;tica econ&#xF3;mica</subfield>
  </datafield>
  <datafield tag="650" ind1=" " ind2=" ">
    <subfield code="a">Investigaci&#xF3;n econ&#xF3;mica</subfield>
  </datafield>
  <datafield tag="650" ind1=" " ind2=" ">
    <subfield code="a">Macroeconom&#xED;a</subfield>
  </datafield>
  <datafield tag="856" ind1="4" ind2="1">
    <subfield code="u">https://biblioeco.unsa.edu.ar/pmb/images/revistas/occasionalPaper.jpg</subfield>
    <subfield code="y">Imagen de portada</subfield>
    <subfield code="q">image/jpeg</subfield>
  </datafield>
  <datafield tag="999" ind1=" " ind2=" ">
    <subfield code="c">8773</subfield>
    <subfield code="d">8773</subfield>
  </datafield>
  <datafield tag="952" ind1=" " ind2=" ">
    <subfield code="0">0</subfield>
    <subfield code="1">0</subfield>
    <subfield code="4">0</subfield>
    <subfield code="7">0</subfield>
    <subfield code="a">BCEJYS</subfield>
    <subfield code="b">BCEJYS</subfield>
    <subfield code="c">17</subfield>
    <subfield code="d">1985-11-01</subfield>
    <subfield code="h">N&#xBA; 41 - nov. 1985</subfield>
    <subfield code="l">0</subfield>
    <subfield code="o">H339.5 OCC 41</subfield>
    <subfield code="p">R18253</subfield>
    <subfield code="r">2026-04-10 16:09:49</subfield>
    <subfield code="w">2026-04-10</subfield>
    <subfield code="y">RN</subfield>
  </datafield>
  <datafield tag="952" ind1=" " ind2=" ">
    <subfield code="0">0</subfield>
    <subfield code="1">0</subfield>
    <subfield code="4">0</subfield>
    <subfield code="7">0</subfield>
    <subfield code="a">BCEJYS</subfield>
    <subfield code="b">BCEJYS</subfield>
    <subfield code="c">17</subfield>
    <subfield code="d">1985-10-01</subfield>
    <subfield code="h">N&#xBA; 40 - oct. 1985</subfield>
    <subfield code="l">0</subfield>
    <subfield code="o">H339.5 OCC 40</subfield>
    <subfield code="p">R18252</subfield>
    <subfield code="r">2026-04-10 16:09:49</subfield>
    <subfield code="w">2026-04-10</subfield>
    <subfield code="y">RN</subfield>
  </datafield>
  <datafield tag="952" ind1=" " ind2=" ">
    <subfield code="0">0</subfield>
    <subfield code="1">0</subfield>
    <subfield code="4">0</subfield>
    <subfield code="7">0</subfield>
    <subfield code="a">BCEJYS</subfield>
    <subfield code="b">BCEJYS</subfield>
    <subfield code="c">17</subfield>
    <subfield code="d">1985-08-05</subfield>
    <subfield code="h">N&#xBA; 39 - ago. 1985</subfield>
    <subfield code="l">0</subfield>
    <subfield code="o">H339.5 OCC 39</subfield>
    <subfield code="p">R18195</subfield>
    <subfield code="r">2026-04-10 16:09:49</subfield>
    <subfield code="w">2026-04-10</subfield>
    <subfield code="y">RN</subfield>
  </datafield>
  <datafield tag="952" ind1=" " ind2=" ">
    <subfield code="0">0</subfield>
    <subfield code="1">0</subfield>
    <subfield code="4">0</subfield>
    <subfield code="7">0</subfield>
    <subfield code="a">BCEJYS</subfield>
    <subfield code="b">BCEJYS</subfield>
    <subfield code="c">17</subfield>
    <subfield code="d">1985-08-04</subfield>
    <subfield code="h">N&#xBA; 38 - ago. 1985</subfield>
    <subfield code="l">0</subfield>
    <subfield code="o">H339.5 OCC 38</subfield>
    <subfield code="p">R18194</subfield>
    <subfield code="r">2026-04-10 16:09:49</subfield>
    <subfield code="w">2026-04-10</subfield>
    <subfield code="y">RN</subfield>
  </datafield>
  <datafield tag="952" ind1=" " ind2=" ">
    <subfield code="0">0</subfield>
    <subfield code="1">0</subfield>
    <subfield code="4">0</subfield>
    <subfield code="7">0</subfield>
    <subfield code="a">BCEJYS</subfield>
    <subfield code="b">BCEJYS</subfield>
    <subfield code="c">17</subfield>
    <subfield code="d">1985-08-03</subfield>
    <subfield code="h">N&#xBA; 37 - ago. 1985</subfield>
    <subfield code="l">0</subfield>
    <subfield code="o">H339.5 OCC 37</subfield>
    <subfield code="p">R18193</subfield>
    <subfield code="r">2026-04-10 16:09:49</subfield>
    <subfield code="w">2026-04-10</subfield>
    <subfield code="y">RN</subfield>
  </datafield>
  <datafield tag="952" ind1=" " ind2=" ">
    <subfield code="0">0</subfield>
    <subfield code="1">0</subfield>
    <subfield code="4">0</subfield>
    <subfield code="7">0</subfield>
    <subfield code="a">BCEJYS</subfield>
    <subfield code="b">BCEJYS</subfield>
    <subfield code="c">17</subfield>
    <subfield code="d">1985-08-02</subfield>
    <subfield code="h">N&#xBA; 36 - ago. 1985</subfield>
    <subfield code="l">0</subfield>
    <subfield code="o">H339.5 OCC 36</subfield>
    <subfield code="p">R18192</subfield>
    <subfield code="r">2026-04-10 16:09:49</subfield>
    <subfield code="w">2026-04-10</subfield>
    <subfield code="y">RN</subfield>
  </datafield>
  <datafield tag="952" ind1=" " ind2=" ">
    <subfield code="0">0</subfield>
    <subfield code="1">0</subfield>
    <subfield code="4">0</subfield>
    <subfield code="7">0</subfield>
    <subfield code="a">BCEJYS</subfield>
    <subfield code="b">BCEJYS</subfield>
    <subfield code="c">17</subfield>
    <subfield code="d">1985-04-01</subfield>
    <subfield code="h">N&#xBA; 34 - abr. 1985</subfield>
    <subfield code="l">0</subfield>
    <subfield code="o">H339.5 OCC 34</subfield>
    <subfield code="p">R18191</subfield>
    <subfield code="r">2026-04-10 16:09:49</subfield>
    <subfield code="w">2026-04-10</subfield>
    <subfield code="y">RN</subfield>
  </datafield>
  <datafield tag="952" ind1=" " ind2=" ">
    <subfield code="0">0</subfield>
    <subfield code="1">0</subfield>
    <subfield code="4">0</subfield>
    <subfield code="7">0</subfield>
    <subfield code="a">BCEJYS</subfield>
    <subfield code="b">BCEJYS</subfield>
    <subfield code="c">17</subfield>
    <subfield code="d">1985-01-01</subfield>
    <subfield code="h">N&#xBA; 33 - ene. 1985</subfield>
    <subfield code="l">0</subfield>
    <subfield code="o">H339.5 OCC 33</subfield>
    <subfield code="p">R18190</subfield>
    <subfield code="r">2026-04-10 16:09:49</subfield>
    <subfield code="w">2026-04-10</subfield>
    <subfield code="y">RN</subfield>
  </datafield>
  <datafield tag="952" ind1=" " ind2=" ">
    <subfield code="0">0</subfield>
    <subfield code="1">0</subfield>
    <subfield code="4">0</subfield>
    <subfield code="7">0</subfield>
    <subfield code="a">BCEJYS</subfield>
    <subfield code="b">BCEJYS</subfield>
    <subfield code="c">17</subfield>
    <subfield code="d">1984-08-01</subfield>
    <subfield code="h">N&#xBA; 31 - ago. 1984</subfield>
    <subfield code="l">0</subfield>
    <subfield code="o">H339.5 OCC 31</subfield>
    <subfield code="p">R18189</subfield>
    <subfield code="r">2026-04-10 16:09:49</subfield>
    <subfield code="w">2026-04-10</subfield>
    <subfield code="y">RN</subfield>
  </datafield>
  <datafield tag="952" ind1=" " ind2=" ">
    <subfield code="0">0</subfield>
    <subfield code="1">0</subfield>
    <subfield code="4">0</subfield>
    <subfield code="7">0</subfield>
    <subfield code="a">BCEJYS</subfield>
    <subfield code="b">BCEJYS</subfield>
    <subfield code="c">17</subfield>
    <subfield code="d">1984-07-03</subfield>
    <subfield code="h">N&#xBA; 30 - jul. 1984</subfield>
    <subfield code="l">0</subfield>
    <subfield code="o">H339.5 OCC 30</subfield>
    <subfield code="p">R18188</subfield>
    <subfield code="r">2026-04-10 16:09:49</subfield>
    <subfield code="w">2026-04-10</subfield>
    <subfield code="y">RN</subfield>
  </datafield>
  <datafield tag="952" ind1=" " ind2=" ">
    <subfield code="0">0</subfield>
    <subfield code="1">0</subfield>
    <subfield code="4">0</subfield>
    <subfield code="7">0</subfield>
    <subfield code="a">BCEJYS</subfield>
    <subfield code="b">BCEJYS</subfield>
    <subfield code="c">17</subfield>
    <subfield code="d">1984-07-02</subfield>
    <subfield code="h">N&#xBA; 29 - jul. 1984</subfield>
    <subfield code="l">0</subfield>
    <subfield code="o">H339.5 OCC 29</subfield>
    <subfield code="p">R18187</subfield>
    <subfield code="r">2026-04-10 16:09:49</subfield>
    <subfield code="w">2026-04-10</subfield>
    <subfield code="y">RN</subfield>
  </datafield>
  <datafield tag="952" ind1=" " ind2=" ">
    <subfield code="0">0</subfield>
    <subfield code="1">0</subfield>
    <subfield code="4">0</subfield>
    <subfield code="7">0</subfield>
    <subfield code="a">BCEJYS</subfield>
    <subfield code="b">BCEJYS</subfield>
    <subfield code="c">17</subfield>
    <subfield code="d">1984-07-01</subfield>
    <subfield code="h">N&#xBA; 28 - jul. 1984</subfield>
    <subfield code="l">0</subfield>
    <subfield code="o">H339.5 OCC 28</subfield>
    <subfield code="p">R18186</subfield>
    <subfield code="r">2026-04-10 16:09:49</subfield>
    <subfield code="w">2026-04-10</subfield>
    <subfield code="y">RN</subfield>
  </datafield>
  <datafield tag="952" ind1=" " ind2=" ">
    <subfield code="0">0</subfield>
    <subfield code="1">0</subfield>
    <subfield code="4">0</subfield>
    <subfield code="7">0</subfield>
    <subfield code="a">BCEJYS</subfield>
    <subfield code="b">BCEJYS</subfield>
    <subfield code="c">17</subfield>
    <subfield code="d">1984-04-02</subfield>
    <subfield code="h">N&#xBA; 27 - abr. 1984</subfield>
    <subfield code="l">0</subfield>
    <subfield code="o">H339.5 OCC 27</subfield>
    <subfield code="p">R18185</subfield>
    <subfield code="r">2026-04-10 16:09:49</subfield>
    <subfield code="w">2026-04-10</subfield>
    <subfield code="y">RN</subfield>
  </datafield>
  <datafield tag="952" ind1=" " ind2=" ">
    <subfield code="0">0</subfield>
    <subfield code="1">0</subfield>
    <subfield code="4">0</subfield>
    <subfield code="7">0</subfield>
    <subfield code="a">BCEJYS</subfield>
    <subfield code="b">BCEJYS</subfield>
    <subfield code="c">17</subfield>
    <subfield code="d">1984-04-01</subfield>
    <subfield code="h">N&#xBA; 26 - abr. 1984</subfield>
    <subfield code="l">0</subfield>
    <subfield code="o">H339.5 OCC 26</subfield>
    <subfield code="p">R18184</subfield>
    <subfield code="r">2026-04-10 16:09:49</subfield>
    <subfield code="w">2026-04-10</subfield>
    <subfield code="y">RN</subfield>
  </datafield>
  <datafield tag="952" ind1=" " ind2=" ">
    <subfield code="0">0</subfield>
    <subfield code="1">0</subfield>
    <subfield code="4">0</subfield>
    <subfield code="7">0</subfield>
    <subfield code="a">BCEJYS</subfield>
    <subfield code="b">BCEJYS</subfield>
    <subfield code="c">17</subfield>
    <subfield code="d">1983-12-01</subfield>
    <subfield code="h">N&#xBA; 25 - dic. 1983</subfield>
    <subfield code="l">0</subfield>
    <subfield code="o">H339.5 OCC 25</subfield>
    <subfield code="p">R18183</subfield>
    <subfield code="r">2026-04-10 16:09:49</subfield>
    <subfield code="w">2026-04-10</subfield>
    <subfield code="y">RN</subfield>
  </datafield>
  <datafield tag="952" ind1=" " ind2=" ">
    <subfield code="0">0</subfield>
    <subfield code="1">0</subfield>
    <subfield code="4">0</subfield>
    <subfield code="7">0</subfield>
    <subfield code="a">BCEJYS</subfield>
    <subfield code="b">BCEJYS</subfield>
    <subfield code="c">17</subfield>
    <subfield code="d">1983-10-03</subfield>
    <subfield code="h">N&#xBA; 24 - oct. 1983</subfield>
    <subfield code="l">0</subfield>
    <subfield code="o">H339.5 OCC 24</subfield>
    <subfield code="p">R18182</subfield>
    <subfield code="r">2026-04-10 16:09:49</subfield>
    <subfield code="w">2026-04-10</subfield>
    <subfield code="y">RN</subfield>
  </datafield>
  <datafield tag="952" ind1=" " ind2=" ">
    <subfield code="0">0</subfield>
    <subfield code="1">0</subfield>
    <subfield code="4">0</subfield>
    <subfield code="7">0</subfield>
    <subfield code="a">BCEJYS</subfield>
    <subfield code="b">BCEJYS</subfield>
    <subfield code="c">17</subfield>
    <subfield code="d">1983-10-02</subfield>
    <subfield code="h">N&#xBA; 23 - oct. 1983</subfield>
    <subfield code="l">0</subfield>
    <subfield code="o">H339.5 OCC 23</subfield>
    <subfield code="p">R18181</subfield>
    <subfield code="r">2026-04-10 16:09:49</subfield>
    <subfield code="w">2026-04-10</subfield>
    <subfield code="y">RN</subfield>
  </datafield>
  <datafield tag="952" ind1=" " ind2=" ">
    <subfield code="0">0</subfield>
    <subfield code="1">0</subfield>
    <subfield code="4">0</subfield>
    <subfield code="7">0</subfield>
    <subfield code="a">BCEJYS</subfield>
    <subfield code="b">BCEJYS</subfield>
    <subfield code="c">17</subfield>
    <subfield code="d">1983-10-01</subfield>
    <subfield code="h">N&#xBA; 22 - oct. 1983</subfield>
    <subfield code="l">0</subfield>
    <subfield code="o">H339.5 OCC 22</subfield>
    <subfield code="p">R18180</subfield>
    <subfield code="r">2026-04-10 16:09:49</subfield>
    <subfield code="w">2026-04-10</subfield>
    <subfield code="y">RN</subfield>
  </datafield>
  <datafield tag="952" ind1=" " ind2=" ">
    <subfield code="0">0</subfield>
    <subfield code="1">0</subfield>
    <subfield code="4">0</subfield>
    <subfield code="7">0</subfield>
    <subfield code="a">BCEJYS</subfield>
    <subfield code="b">BCEJYS</subfield>
    <subfield code="c">17</subfield>
    <subfield code="d">1983-07-02</subfield>
    <subfield code="h">N&#xBA; 21 - jul. 1983</subfield>
    <subfield code="l">0</subfield>
    <subfield code="o">H339.5 OCC 21</subfield>
    <subfield code="p">R18179</subfield>
    <subfield code="r">2026-04-10 16:09:49</subfield>
    <subfield code="w">2026-04-10</subfield>
    <subfield code="y">RN</subfield>
  </datafield>
  <datafield tag="952" ind1=" " ind2=" ">
    <subfield code="0">0</subfield>
    <subfield code="1">0</subfield>
    <subfield code="4">0</subfield>
    <subfield code="7">0</subfield>
    <subfield code="a">BCEJYS</subfield>
    <subfield code="b">BCEJYS</subfield>
    <subfield code="c">17</subfield>
    <subfield code="d">1983-07-01</subfield>
    <subfield code="h">N&#xBA; 20 - jul. 1983</subfield>
    <subfield code="l">0</subfield>
    <subfield code="o">H339.5 OCC 20</subfield>
    <subfield code="p">R18178</subfield>
    <subfield code="r">2026-04-10 16:09:49</subfield>
    <subfield code="w">2026-04-10</subfield>
    <subfield code="y">RN</subfield>
  </datafield>
  <datafield tag="952" ind1=" " ind2=" ">
    <subfield code="0">0</subfield>
    <subfield code="1">0</subfield>
    <subfield code="4">0</subfield>
    <subfield code="7">0</subfield>
    <subfield code="a">BCEJYS</subfield>
    <subfield code="b">BCEJYS</subfield>
    <subfield code="c">17</subfield>
    <subfield code="d">1983-05-01</subfield>
    <subfield code="h">N&#xBA; 19 - mayo 1983</subfield>
    <subfield code="l">0</subfield>
    <subfield code="o">H339.5 OCC 19</subfield>
    <subfield code="p">R18177</subfield>
    <subfield code="r">2026-04-10 16:09:49</subfield>
    <subfield code="w">2026-04-10</subfield>
    <subfield code="y">RN</subfield>
  </datafield>
  <datafield tag="952" ind1=" " ind2=" ">
    <subfield code="0">0</subfield>
    <subfield code="1">0</subfield>
    <subfield code="4">0</subfield>
    <subfield code="7">0</subfield>
    <subfield code="a">BCEJYS</subfield>
    <subfield code="b">BCEJYS</subfield>
    <subfield code="c">17</subfield>
    <subfield code="d">1983-03-01</subfield>
    <subfield code="h">N&#xBA; 17 - mar. 1983</subfield>
    <subfield code="l">0</subfield>
    <subfield code="o">H339.5 OCC 17</subfield>
    <subfield code="p">R18176</subfield>
    <subfield code="r">2026-04-10 16:09:49</subfield>
    <subfield code="w">2026-04-10</subfield>
    <subfield code="y">RN</subfield>
  </datafield>
  <datafield tag="952" ind1=" " ind2=" ">
    <subfield code="0">0</subfield>
    <subfield code="1">0</subfield>
    <subfield code="4">0</subfield>
    <subfield code="7">0</subfield>
    <subfield code="a">BCEJYS</subfield>
    <subfield code="b">BCEJYS</subfield>
    <subfield code="c">17</subfield>
    <subfield code="d">1982-12-02</subfield>
    <subfield code="h">N&#xBA; 16 - dic. 1982</subfield>
    <subfield code="l">0</subfield>
    <subfield code="o">H339.5 OCC 16</subfield>
    <subfield code="p">R18175</subfield>
    <subfield code="r">2026-04-10 16:09:49</subfield>
    <subfield code="w">2026-04-10</subfield>
    <subfield code="y">RN</subfield>
  </datafield>
  <datafield tag="952" ind1=" " ind2=" ">
    <subfield code="0">0</subfield>
    <subfield code="1">0</subfield>
    <subfield code="4">0</subfield>
    <subfield code="7">0</subfield>
    <subfield code="a">BCEJYS</subfield>
    <subfield code="b">BCEJYS</subfield>
    <subfield code="c">17</subfield>
    <subfield code="d">1982-12-01</subfield>
    <subfield code="h">N&#xBA; 15 - dic. 1982</subfield>
    <subfield code="l">0</subfield>
    <subfield code="o">H339.5 OCC 15</subfield>
    <subfield code="p">R18174</subfield>
    <subfield code="r">2026-04-10 16:09:49</subfield>
    <subfield code="w">2026-04-10</subfield>
    <subfield code="y">RN</subfield>
  </datafield>
  <datafield tag="952" ind1=" " ind2=" ">
    <subfield code="0">0</subfield>
    <subfield code="1">0</subfield>
    <subfield code="4">0</subfield>
    <subfield code="7">0</subfield>
    <subfield code="a">BCEJYS</subfield>
    <subfield code="b">BCEJYS</subfield>
    <subfield code="c">17</subfield>
    <subfield code="d">1982-04-01</subfield>
    <subfield code="h">N&#xBA; 9 - abr. 1982</subfield>
    <subfield code="l">0</subfield>
    <subfield code="o">H339.5 OCC 9</subfield>
    <subfield code="p">R18173</subfield>
    <subfield code="r">2026-04-10 16:09:49</subfield>
    <subfield code="w">2026-04-10</subfield>
    <subfield code="y">RN</subfield>
  </datafield>
  <datafield tag="952" ind1=" " ind2=" ">
    <subfield code="0">0</subfield>
    <subfield code="1">0</subfield>
    <subfield code="4">0</subfield>
    <subfield code="7">0</subfield>
    <subfield code="a">BCEJYS</subfield>
    <subfield code="b">BCEJYS</subfield>
    <subfield code="c">17</subfield>
    <subfield code="d">1981-10-01</subfield>
    <subfield code="h">N&#xBA; 8 - oct. 1981</subfield>
    <subfield code="l">0</subfield>
    <subfield code="o">H339.5 OCC 8</subfield>
    <subfield code="p">R18172</subfield>
    <subfield code="r">2026-04-10 16:09:49</subfield>
    <subfield code="w">2026-04-10</subfield>
    <subfield code="y">RN</subfield>
  </datafield>
  <datafield tag="952" ind1=" " ind2=" ">
    <subfield code="0">0</subfield>
    <subfield code="1">0</subfield>
    <subfield code="4">0</subfield>
    <subfield code="7">0</subfield>
    <subfield code="a">BCEJYS</subfield>
    <subfield code="b">BCEJYS</subfield>
    <subfield code="c">17</subfield>
    <subfield code="d">1981-08-02</subfield>
    <subfield code="h">N&#xBA; 7 - ago. 1981</subfield>
    <subfield code="l">0</subfield>
    <subfield code="o">H339.5 OCC 7</subfield>
    <subfield code="p">R18171</subfield>
    <subfield code="r">2026-04-10 16:09:49</subfield>
    <subfield code="w">2026-04-10</subfield>
    <subfield code="y">RN</subfield>
  </datafield>
  <datafield tag="952" ind1=" " ind2=" ">
    <subfield code="0">0</subfield>
    <subfield code="1">0</subfield>
    <subfield code="4">0</subfield>
    <subfield code="7">0</subfield>
    <subfield code="a">BCEJYS</subfield>
    <subfield code="b">BCEJYS</subfield>
    <subfield code="c">17</subfield>
    <subfield code="d">1981-08-01</subfield>
    <subfield code="h">N&#xBA; 6 - ago. 1981</subfield>
    <subfield code="l">0</subfield>
    <subfield code="o">H339.5 OCC 6</subfield>
    <subfield code="p">R18170</subfield>
    <subfield code="r">2026-04-10 16:09:49</subfield>
    <subfield code="w">2026-04-10</subfield>
    <subfield code="y">RN</subfield>
  </datafield>
  <datafield tag="952" ind1=" " ind2=" ">
    <subfield code="0">0</subfield>
    <subfield code="1">0</subfield>
    <subfield code="4">0</subfield>
    <subfield code="7">0</subfield>
    <subfield code="a">BCEJYS</subfield>
    <subfield code="b">BCEJYS</subfield>
    <subfield code="c">17</subfield>
    <subfield code="d">1981-07-01</subfield>
    <subfield code="h">N&#xBA; 5 - jul. 1981</subfield>
    <subfield code="l">0</subfield>
    <subfield code="o">H339.5 OCC 5</subfield>
    <subfield code="p">R18169</subfield>
    <subfield code="r">2026-04-10 16:09:49</subfield>
    <subfield code="w">2026-04-10</subfield>
    <subfield code="y">RN</subfield>
  </datafield>
  <datafield tag="952" ind1=" " ind2=" ">
    <subfield code="0">0</subfield>
    <subfield code="1">0</subfield>
    <subfield code="4">0</subfield>
    <subfield code="7">0</subfield>
    <subfield code="a">BCEJYS</subfield>
    <subfield code="b">BCEJYS</subfield>
    <subfield code="c">17</subfield>
    <subfield code="d">1981-06-01</subfield>
    <subfield code="h">N&#xBA; 4 - jun. 1981</subfield>
    <subfield code="l">0</subfield>
    <subfield code="o">H339.5 OCC 4</subfield>
    <subfield code="p">R18168</subfield>
    <subfield code="r">2026-04-10 16:09:49</subfield>
    <subfield code="w">2026-04-10</subfield>
    <subfield code="y">RN</subfield>
  </datafield>
  <datafield tag="952" ind1=" " ind2=" ">
    <subfield code="0">0</subfield>
    <subfield code="1">0</subfield>
    <subfield code="4">0</subfield>
    <subfield code="7">0</subfield>
    <subfield code="a">BCEJYS</subfield>
    <subfield code="b">BCEJYS</subfield>
    <subfield code="c">17</subfield>
    <subfield code="d">1981-05-01</subfield>
    <subfield code="h">N&#xBA; 3 - mayo 1981</subfield>
    <subfield code="l">0</subfield>
    <subfield code="o">H339.5 OCC 3</subfield>
    <subfield code="p">R18167</subfield>
    <subfield code="r">2026-04-10 16:09:49</subfield>
    <subfield code="w">2026-04-10</subfield>
    <subfield code="y">RN</subfield>
  </datafield>
  <datafield tag="952" ind1=" " ind2=" ">
    <subfield code="0">0</subfield>
    <subfield code="1">0</subfield>
    <subfield code="4">0</subfield>
    <subfield code="7">0</subfield>
    <subfield code="a">BCEJYS</subfield>
    <subfield code="b">BCEJYS</subfield>
    <subfield code="c">17</subfield>
    <subfield code="d">1981-04-01</subfield>
    <subfield code="h">N&#xBA; 2 - abr. 1981</subfield>
    <subfield code="l">0</subfield>
    <subfield code="o">H339.5 OCC 2</subfield>
    <subfield code="p">R18145</subfield>
    <subfield code="r">2026-04-10 16:09:49</subfield>
    <subfield code="w">2026-04-10</subfield>
    <subfield code="y">RN</subfield>
  </datafield>
</record>
